Cuarto Informe de Gobierno.
Vyčerpávajúca správa mexického prezidenta pred Kongresom o vývoji mexickej ekonomiky 1990-92. Postavenie Mexika na medzinárodných trhoch. Oživenie ekonomiky a cenová stabilita. Sociálna politika. Úlohy a perspektívy na 1993 a 1994.
Salvato in:
| Autore principale: | |
|---|---|
| Natura: | Capitolo di libro |
| Lingua: | spagnolo |
| Soggetti: | |
| Tags: |
Nessun Tag, puoi essere il primo ad aggiungerne!!
|
MARC
| LEADER | 00000naa a2200000 4500 | ||
|---|---|---|---|
| 001 | r012574 | ||
| 005 | 20221208122321.2 | ||
| 041 | 0 | |a spa | |
| 044 | |a MX | ||
| 245 | 1 | 0 | |a Cuarto Informe de Gobierno. |c C.de Salinas Gortari |
| 520 | |a Vyčerpávajúca správa mexického prezidenta pred Kongresom o vývoji mexickej ekonomiky 1990-92. Postavenie Mexika na medzinárodných trhoch. Oživenie ekonomiky a cenová stabilita. Sociálna politika. Úlohy a perspektívy na 1993 a 1994. | ||
| 610 | 2 | 0 | |a situácia hospodárska |
| 610 | 2 | 0 | |a Mexiko |
| 610 | 2 | 0 | |a 1990-1992 |
| 610 | 2 | 0 | |a 1993-1994 |
| 610 | 2 | 0 | |a obchod zahraničný |
| 610 | 2 | 0 | |a oživenie |
| 610 | 2 | 0 | |a stabilita cien |
| 610 | 2 | 0 | |a politika sociálna |
| 100 | 1 | |a Salinas Gortari, C.de | |